Accelerating out of the great recession : how to win in a slow - growth economy.

Bibliographic Details
Main Author: Rhodes
Format: Book
Published: New York: McGraw Hill, 2010.
Subjects:
LEADER 00565cam a2200181 7i4500
001 0000025055
005 20101101090000.0
020 0 0 |a 978-0-07-171814-1  
090 0 0 |a B 658.4012   |b RHO 
100 1 0 |a Rhodes  
245 1 0 |a Accelerating out of the great recession :   |b how to win in a slow - growth economy. 
260 0 0 |a New York:   |b McGraw Hill,   |c 2010. 
300 # # |a 202 p. 
650 0 0 |a Management  
650 0 0 |a United States of America --   |x Economic conditions  
650 0 0 |a Business cycles  
650 0 0 |a Recessions  
999 |a B000027815  |b Book  |c Book  |e Business Information Centre